000 00850nam a2200193 i 4500
001 155950
003 ES-MaACL
005 20230906210249.0
008 970409s1868 sp |||| | spa d
040 _aCYL
_bspa
_cCYL
110 2 _aInstituto Provincial de Segunda Enseñanza de Cádiz.
_9144996
245 1 0 _aMemoria del Instituto de Segunda enseñanza de Cádiz /
_cleida en la apertura de curso de 1868 a 1869 por D. Vicente Rubio y Diaz.
260 _aCádiz :
_b[s.n.],
_c1868 (
_fImprenta y litografía de la Revista Médica)
300 _a35, [8] p. ;
_c22 cm.
700 2 1 _aRubio y Diaz, Vicente.
_9222492
710 2 _aInstituto Provincial de Segunda Enseñanza de Cádiz
_j-Memorias.
_9144996
852 _aES-MaACL
_jT-707-F-8
_z-- Enc. hol. conservando la cub. original deteriorada
_z-- Enc. en un vol. facticio
999 _c155950
_d155950